LEADER 03524nam 2200865 450 001 9910789359803321 005 20230125182003.0 010 $a1-60649-635-2 035 $a(CKB)3710000000103673 035 $a(EBL)1573538 035 $a(SSID)ssj0001141701 035 $a(PQKBManifestationID)12374455 035 $a(PQKBTitleCode)TC0001141701 035 $a(PQKBWorkID)11093261 035 $a(PQKB)10139495 035 $a(OCoLC)867482213 035 $a(CaBNVSL)swl00402994 035 $a(Au-PeEL)EBL1573538 035 $a(CaPaEBR)ebr10821752 035 $a(OCoLC)922907341 035 $a(CaSebORM)9781606496350 035 $a(MiAaPQ)EBC1573538 035 $a(EXLCZ)993710000000103673 100 $a20140103d2014 fy 0 101 0 $aeng 135 $aur|n|---||||| 181 $ctxt 182 $cc 183 $acr 200 12$aA primer on sustainability $ein the business environment /$fRonald Whitfield and Jeanne McNett 205 $aFirst edition. 210 1$aNew York, New York (222 East 46th Street, New York, NY 10017) :$cBusiness Expert Press,$d2014. 215 $a1 online resource (172 p.) 225 1 $aEnvironmental and social sustainability for business advantage collection,$x2327-3348 300 $aPart of: 2014 digital library. 311 $a1-60649-634-4 320 $aIncludes bibliographical references (pages 143-149) and index. 327 $aPreface -- Acknowledgments -- 1. Sustainability: meaning and context -- 2. Systems and tools for sustainability -- 3. Thinking about major sustainability issues -- 4. Decision making in sustainability: case studies -- 5. Concluding thoughts -- Notes -- References -- Index. 330 3 $aWhat does sustainability in the business environment really mean? The concept has evolved from a vague goal to "save the planet" to become a strategic imperative for business to enhance performance across many dimensions. We live in an age of increasing corporate accountability and if a business expects to survive for the long term, it must adhere to ever higher standards of behavior and continuously develop more sustainable ways of doing business. 410 0$a2014 digital library. 410 0$aEnvironmental and social sustainability for business advantage collection.$x2327-3348. 606 $aSustainability 606 $aCorporations$xEnvironmental aspects 610 $asustainability 610 $aprecautionary principle 610 $acorporate accountability 610 $aenvironmental movement 610 $agreen washing 610 $atriple bottom line 610 $asustainable business operations 610 $asustainable innovation 610 $asustainable supply chain 610 $acradle-to-cradle design 610 $alife cycle assessment 610 $acorporate reporting systems 610 $athe global reporting initiative 610 $athe global compact 610 $athe carbon disclosure project 610 $acarbon footprint 610 $awater footprint 610 $aindices on sustainability 610 $atransparency 610 $astakeholder theory 615 0$aSustainability. 615 0$aCorporations$xEnvironmental aspects. 676 $a658.408 700 $aWhitfield$b Ronald.$01538673 702 $aMcNett$b Jeanne M.$f1946- 801 0$bMiAaPQ 801 1$bMiAaPQ 801 2$bMiAaPQ 906 $aBOOK 912 $a9910789359803321 996 $aA primer on sustainability$93788860 997 $aUNINA LEADER 02915nam 22005295 450 001 9910155411303321 005 20180924034856.0 010 $a9783110487510 010 $a3110487519 010 $a9783110488951 010 $a3110488957 024 7 $a10.1515/9783110488951 035 $a(CKB)3710000000926280 035 $a(MiAaPQ)EBC4843226 035 $a(DE-B1597)468753 035 $a(OCoLC)979751347 035 $a(DE-B1597)9783110488951 035 $a(CaSebORM)9783110487510 035 $a(Perlego)1138435 035 $a(EXLCZ)993710000000926280 100 $a20180924d2016 fg 101 0 $ager 135 $aurcnu|||||||| 181 $2rdacontent 182 $2rdamedia 183 $2rdacarrier 200 00$aBlockchain Technology $eEinführung für Business- und IT Manager /$fDaniel Burgwinkel 210 1$aMünchen ;$aWien : $cDe Gruyter Oldenbourg, $d[2016] 210 4$d©2016 215 $a1 online resource (176 pages) 311 08$a9783110487312 311 08$a3110487314 320 $aIncludes bibliographical references and index. 327 $tFrontmatter -- $tInhalt -- $tVorwort -- $tBlockchaintechnologie und deren Funktionsweise verstehen / $rBurgwinkel, Daniel -- $tEinsatzpotenziale der Blockchain im Energiehandel / $rMerz, Michael -- $tBlockchainbasierte Geschäftsmodelle in der Finanzindustrie / $rPloom, Martin -- $tHyperledger - eine offene Blockchain Technologie / $rKienzler, Romeo -- $tBlockchains - wichtige Fragen aus IT-Sicht / $rPloom, Tarmo -- $tKann man Blockchains vertrauen? / $rWildhaber, Bruno -- $tDer DAO-Hack - und die Konsequenzen für die Blockchain / $rTosovic, Vladimir -- $tAutorenverzeichnis -- $tIndex 330 $aDas vorliegende Buch führt Business- und IT Manager in die neue Technologie Blockchain ein. In Beiträgen von verschiedenen Autoren wird die Funktionsweise der Blockchaintechnologie erläutert. Anhand der Blockchain-Plattform Hyperledger werden wichtige IT-Aspekte besprochen. Die Einsatzgebiete der Blockchaintechnologie werden anhand von Beispielen aus der Finanzindustrie und Energiehandel diskutiert. Checklisten helfen dem Leser das Potential und Auswirkungen von Blockchains auf das eigene Unternehmen zu erkennen. Abschließend werden die Aspekte des Vertrauens und der Sicherheit erörtert. Das Buch bildet die Grundlage eines dreitägigen Seminars an der Fachhochschule Nordwestschweiz und eignet sich auch zum Selbststudium. 606 $aBanks and banking$xTechnological innovations 606 $aFinancial institutions$xTechnological innovations 615 0$aBanks and banking$xTechnological innovations. 615 0$aFinancial institutions$xTechnological innovations. 676 $a005.74/1 702 $aBurgwinkel$b Daniel, 801 0$bDE-B1597 801 1$bDE-B1597 906 $aBOOK 912 $a9910155411303321 996 $aBlockchain technology$92555053 997 $aUNINA